Statistics for Countries with the Lowest English Speaking Population

Click here to take the quiz!

General Stats

  • This quiz has been taken 63 times
  • The average score is 6 of 15

Answer Stats

HintAnswer% Correct
1China
77%
7Russia
72%
6Brazil
68%
8Argentina
61%
4Colombia
58%
12Chile
53%
15India
51%
9Algeria
33%
14Bhutan
30%
11Yemen
28%
3Malawi
16%
2Gambia
14%
10Uganda
14%
13Tanzania
12%
5Swaziland
5%

Score Distribution

Percentile by Number Answered

Percent of People with Each Score

Your Score History

You have not taken this quiz